<?xml version="1.0" encoding="UTF-8"?><?xml-stylesheet type="text/xsl" href="static/style.xsl"?><OAI-PMH xmlns="http://www.openarchives.org/OAI/2.0/" xmlns:xsi="http://www.w3.org/2001/XMLSchema-instance" xsi:schemaLocation="http://www.openarchives.org/OAI/2.0/ http://www.openarchives.org/OAI/2.0/OAI-PMH.xsd"><responseDate>2026-04-17T15:44:16Z</responseDate><request verb="GetRecord" identifier="oai:www.recercat.cat:10256/10161" metadataPrefix="marc">https://recercat.cat/oai/request</request><GetRecord><record><header><identifier>oai:recercat.cat:10256/10161</identifier><datestamp>2024-06-06T10:10:17Z</datestamp><setSpec>com_2072_452966</setSpec><setSpec>com_2072_2054</setSpec><setSpec>col_2072_452967</setSpec></header><metadata><record xmlns="http://www.loc.gov/MARC21/slim" xmlns:dcterms="http://purl.org/dc/terms/" xmlns:xsi="http://www.w3.org/2001/XMLSchema-instance" xmlns:doc="http://www.lyncode.com/xoai" xsi:schemaLocation="http://www.loc.gov/MARC21/slim http://www.loc.gov/standards/marcxml/schema/MARC21slim.xsd">
   <leader>00925njm 22002777a 4500</leader>
   <datafield ind2=" " ind1=" " tag="042">
      <subfield code="a">dc</subfield>
   </datafield>
   <datafield ind2=" " ind1=" " tag="720">
      <subfield code="a">Martín Ponsatí, Carles</subfield>
      <subfield code="e">author</subfield>
   </datafield>
   <datafield ind2=" " ind1=" " tag="260">
      <subfield code="c">2015-02</subfield>
   </datafield>
   <datafield ind2=" " ind1=" " tag="520">
      <subfield code="a">L’any 1929 es va edificar el polígon de les Cases Barates del barri Bon Pastor de Barcelona. Eren 784 cases adossades d’una sola planta, la majoria de les quals no sobrepassaven els 40 metres quadrats de superfície. Donades les condicions sanitàries d’alguns d’aquests habitatges, l’any 2000 es va aprovar un Pla de Renovació entre l’Associació de Veïns del Bon Pastor i el Patronat&#xd;
Municipal de l’Habitatge. Aquest pla, preveia l’enderroc de les 784 cases barates en 4&#xd;
fases i la substitució per blocs de pisos edificats al mateix terreny, on serien reallotjats&#xd;
tots els habitants.&#xd;
A dia d’avui s’està treballant per finalitzar la 3ª fase de remodelació del barri, la qual&#xd;
donarà lloc a 167 habitatges repartits entre 3 edificis plurifamiliars de nova construcció.&#xd;
El present projecte es centra en la construcció d’un d’aquests edificis i el seu objectiu&#xd;
principal consisteix en estudiar la viabilitat d’execució d’una alternativa referent a la&#xd;
fonamentació i contenció de terres, tot considerant paràmetres tècnics, de cost i el temps&#xd;
d’execució de l’obra</subfield>
   </datafield>
   <datafield ind1="8" ind2=" " tag="024">
      <subfield code="a">http://hdl.handle.net/10256/10161</subfield>
   </datafield>
   <datafield tag="653" ind2=" " ind1=" ">
      <subfield code="a">Murs de contenció</subfield>
   </datafield>
   <datafield tag="653" ind2=" " ind1=" ">
      <subfield code="a">Fonaments -- Disseny i construcció</subfield>
   </datafield>
   <datafield tag="653" ind2=" " ind1=" ">
      <subfield code="a">Retaining walls</subfield>
   </datafield>
   <datafield tag="653" ind2=" " ind1=" ">
      <subfield code="a">Foundations -- Design and construction</subfield>
   </datafield>
   <datafield ind2="0" ind1="0" tag="245">
      <subfield code="a">Projecte de canvi d'una fonamentació i contenció de terres del projecte executiu d'un edifici d'habitatges, locals comercials i aparcament</subfield>
   </datafield>
</record></metadata></record></GetRecord></OAI-PMH>